Concrete bridges : (Record no. 547171)
[ view plain ]
| 000 -LEADER | |
|---|---|
| fixed length control field | 00612mam a2200169 a 4500 |
| 020 ## - INTERNATIONAL STANDARD BOOK NUMBER | |
| International Standard Book Number | 0074623494 |
| 082 ## - DEWEY DECIMAL CLASSIFICATION NUMBER | |
| Classification number | 624.2 |
| Author Mark | RAI |
| -- | 39-p-182 |
| 100 1# - MAIN ENTRY--PERSONAL NAME | |
| Personal name | Raina, V. K. |
| 9 (RLIN) | 43351 |
| 245 10 - TITLE STATEMENT | |
| Title | Concrete bridges : |
| Remainder of title | inspection, repair, strengthening, testing and load capacity evaluation / |
| Statement of responsibility, etc. | V.K. Raina. |
| 260 ## - PUBLICATION, DISTRIBUTION, ETC. | |
| Place of publication, distribution, etc. | New York : |
| Name of publisher, distributor, etc. | McGraw-Hill, |
| Date of publication, distribution, etc. | c1996. |
| 300 ## - PHYSICAL DESCRIPTION | |
| Extent | xxi, 493 p. : |
| Other physical details | ill. ; |
| Dimensions | 29 cm. |
| 526 ## - STUDY PROGRAM INFORMATION NOTE | |
| Program name | 0 |
| Interest level | 0 |
| Reading level | 0 |
| Title point value | 624_200000000000000_RAI |
| 526 ## - STUDY PROGRAM INFORMATION NOTE | |
| Program name | 0 |
| Interest level | 0 |
| Reading level | 0 |
| Title point value | 624_200000000000000_RAI |
| 650 #0 - SUBJECT ADDED ENTRY--TOPICAL TERM | |
| Topical term or geographic name entry element | Concrete bridges |
| General subdivision | Maintenance and repair. |
| 9 (RLIN) | 23404 |
| 650 #0 - SUBJECT ADDED ENTRY--TOPICAL TERM | |
| Topical term or geographic name entry element | Concrete bridges |
| General subdivision | Testing. |
| 9 (RLIN) | 43352 |
| 942 ## - ADDED ENTRY ELEMENTS (KOHA) | |
| Source of classification or shelving scheme | |
| Koha item type | Book |
| Withdrawn status | Lost status | Source of classification or shelving scheme | Damaged status | Not for loan | Permanent Location | Current Location | Date acquired | Total Checkouts | Full call number | Barcode | Date last seen | Price effective from | Koha item type |
|---|---|---|---|---|---|---|---|---|---|---|---|---|---|
| Military College of Engineering (MCE) | Military College of Engineering (MCE) | 07/03/2014 | 624.2 RAI | MCE-43446 | 07/03/2014 | 07/03/2014 | Book | ||||||
| Military College of Engineering (MCE) | Military College of Engineering (MCE) | 11/17/2014 | 624.2 RAI | MCE-36437 | 11/17/2014 | 11/17/2014 | Book |
